| 000 | 00437nam a2200169Ia 4500 | ||
|---|---|---|---|
| 999 |
_c6244 _d6244 |
||
| 020 | _a9788172236779 | ||
| 082 | _a954.04 IND- | ||
| 245 | 0 | _aIndia 60: towards a new paradigm | |
| 260 |
_aNew Delhi _bHarper Collins _c2007 |
||
| 300 | _a355p | ||
| 650 |
_aIndia _vHistory |
||
| 650 |
_aIndia _vEconomic conditions |
||
| 650 |
_aIndia _vPolitics and government |
||
| 650 |
_aIndia _vSocial conditions |
||
| 700 | _aPande, Ira | ||
| 942 | _cBK | ||